Shortcuts In JetPunk - Statistics

General Stats
  • This quiz has been taken 31 times
    23 since last reset
  • The average score is 8 of 21
Answer Stats
Shortcut Country % Correct
drc Democratic Republic of the Congo
94%
dr Dominican Republic
56%
usa United States
50%
dprk North Korea
44%
antigua Antigua and Barbuda
38%
prc China
38%
nz New Zealand
38%
png Papua New Guinea
38%
rok South Korea
38%
stkitts St. Kitts and Nevis
38%
stvincent St. Vincent and the Grenadines
38%
roc Taiwan
38%
uk United Kingdom
38%
burma Myanmar
31%
holland Netherlands
31%
trinidad Trinidad and Tobago
31%
vatican Vatican City
31%
fsm Federated states of Micronesia
25%
fyrom North Macedonia
25%
ksa Saudi Arabia
25%
congo Democratic Republic of the Congo + Republic of the Congo
13%
No matching quizzes found
Score Distribution
Percent of People with Each Score
Percentile by Number Answered
Your Score History
You have not taken this quiz since the last reset